000 00741nam a2200205Ii 4500
003 JO-AjNU
008 230605s9999||||xx |||||||||||||| ||und||
017 _a1997/12/1841
040 _aJO-AjNU
_bara
_erda
_cJO-AjNU
041 _aara
050 1 4 _aDS154.55.A6844 1997
100 3 _aأبو الراغب، أكرم,
_eauthor
_941054
245 0 0 _aذكريات مع الحسين: شخصيات أردنية تتذكر
264 3 1 _aعمان: دار ومكتبة الحامد للنشر والتوزيع، 1997
300 _a144ص
_bصور توضيحية
336 _atext
_btxt
_2rdacontent
337 _aunmediated
_bn
_2rdamedia
338 _avolume
_bnc
_2rdacarrier
650 4 _aالاردن-تاريخ-تراجم سياسيون
_941055
999 _aA17472
_c21040
_d21040